My son Johnny.

Bibliographic Details
Main Author: McNulty, John
Format: Book
Language:English
Published: New York : Simon and Schuster, 1955.
Subjects:

MARC

Tag First Indicator Second Indicator Subfields
LEADER 00000cam a2200000 4500
001 in00000032633
005 20151007061825.0
008 720419s1955 nyu 00000beng u
010 |a  55008811  
035 |a (OCoLC)00288892 
035 |9 AAD3184AM 
040 |c WSU  |d TXA  |d UtOrBLW 
049 |a TXAM  |c [260540] 
050 0 |a PS3525.A2847  |b M9 
092 |a 818  |b M169m 
100 1 |a McNulty, John. 
245 1 0 |a My son Johnny. 
264 1 |a New York :  |b Simon and Schuster,  |c 1955. 
300 |a 174 pages ;  |c 21 cm. 
336 |a text  |b txt  |2 rdacontent 
337 |a unmediated  |b n  |2 rdamedia 
338 |a volume  |b nc  |2 rdacarrier 
600 1 0 |a McNulty, Johnny. 
999 |a MARS 
999 f f |s 8e71e69a-8a6a-358f-8330-ca3fcc8cbd57  |i 295dc306-5f10-39ad-9077-f0a332e19e5a  |t 0 
952 f f |p ric  |a Texas A&M University  |b Rellis Campus  |c Joint Library Facility  |d Remote Storage  |t 0  |e PS3525.A2847 M9  |h Library of Congress classification  |i unmediated -- volume  |m A14801264743 
998 f f |a PS3525.A2847 M9  |t 0  |l Remote Storage